<?xml version="1.0" encoding="UTF-8"?>
<record
    xmlns:xsi="http://www.w3.org/2001/XMLSchema-instance"
    xsi:schemaLocation="http://www.loc.gov/MARC21/slim http://www.loc.gov/standards/marcxml/schema/MARC21slim.xsd"
    xmlns="http://www.loc.gov/MARC21/slim">

  <leader>01885nam a2200337   4500</leader>
  <controlfield tag="001">113568</controlfield>
  <controlfield tag="003">DR-UNIBE</controlfield>
  <controlfield tag="005">20260508100501.0</controlfield>
  <controlfield tag="008">250507b2009    sp ||||| |||| 00| 0 spa d</controlfield>
  <datafield tag="020" ind1=" " ind2=" ">
    <subfield code="a">9788498765649</subfield>
  </datafield>
  <datafield tag="040" ind1=" " ind2=" ">
    <subfield code="a">BIBLIOTECA UNIBE</subfield>
    <subfield code="c">BIBLIOTECA UNIBE</subfield>
    <subfield code="b">spa</subfield>
    <subfield code="e">rda</subfield>
  </datafield>
  <datafield tag="041" ind1=" " ind2=" ">
    <subfield code="a">spa</subfield>
  </datafield>
  <datafield tag="082" ind1=" " ind2=" ">
    <subfield code="2">22</subfield>
    <subfield code="a">341.43098 C749r</subfield>
  </datafield>
  <datafield tag="111" ind1="1" ind2="0">
    <subfield code="a">Congreso de Ministros de Justicia de los Pa&#xED;ses Iberoamericanos.</subfield>
    <subfield code="c">Madrid, Espa&#xF1;a,</subfield>
    <subfield code="d">septiembre 2008</subfield>
    <subfield code="9">195003</subfield>
  </datafield>
  <datafield tag="245" ind1="1" ind2="0">
    <subfield code="a">Reformas del Proceso penal y seguridad ciudadana en Iberoamericana /</subfield>
    <subfield code="b">coordinaci&#xF3;n y direcci&#xF3;n: Jorge  A. Obando </subfield>
  </datafield>
  <datafield tag="250" ind1=" " ind2=" ">
    <subfield code="a">Edici&#xF3;n biling&#xFC;e espa&#xF1;ol-portugu&#xE9;s</subfield>
  </datafield>
  <datafield tag="260" ind1=" " ind2=" ">
    <subfield code="a">Valencia :</subfield>
    <subfield code="b">Editorial Tirant Lo Blanch,</subfield>
    <subfield code="c">2009</subfield>
  </datafield>
  <datafield tag="300" ind1=" " ind2=" ">
    <subfield code="a">1260 p&#xE1;ginas :</subfield>
    <subfield code="c">23 x 16 cm</subfield>
  </datafield>
  <datafield tag="490" ind1=" " ind2=" ">
    <subfield code="a">Homenajes y Congresos</subfield>
  </datafield>
  <datafield tag="500" ind1=" " ind2=" ">
    <subfield code="a">comentario de la obra en la contraportada</subfield>
  </datafield>
  <datafield tag="505" ind1=" " ind2=" ">
    <subfield code="a">Pr&#xF3;logo |
Presentaci&#xF3;n |
Introducci&#xF3;n general |
Pa&#xED;s: Argentina |
Pa&#xED;s: Bolivia |
Pa&#xED;s: Brasil |
Pa&#xED;s: Chile |
Pa&#xED;s: Colombia |
Pa&#xED;s: Costa Rica |
Pa&#xED;s Cuba |
Pa&#xED;s: Ecuador |
Pa&#xED;s: El Salvador |
Pa&#xED;s: Espa&#xF1;a |
Pa&#xED;s: Guatemala |
Pa&#xED;s: Honduras |
Pa&#xED;s: M&#xE9;xico |
Pa&#xED;s: NIcaragua |
Pa&#xED;s: Panam&#xE1; |
Pa&#xED;s: Paraguay |
Pa&#xED;s: Per&#xFA; |
Pa&#xED;s: Portugal |
Pa&#xED;s: Rep&#xFA;blica Dominicana |
Pa&#xED;s: Uruguay |
Pa&#xED;s: Venezuela</subfield>
  </datafield>
  <datafield tag="650" ind1=" " ind2="7">
    <subfield code="2">lemb</subfield>
    <subfield code="a">Derecho procesal penal</subfield>
    <subfield code="z">Iberoamerica</subfield>
    <subfield code="9">204608</subfield>
  </datafield>
  <datafield tag="700" ind1="1" ind2="0">
    <subfield code="a">Obando, Jorge A.</subfield>
    <subfield code="9">194996</subfield>
    <subfield code="e">director de reporte</subfield>
    <subfield code="e">coordinador de reporte</subfield>
  </datafield>
  <datafield tag="700" ind1="1" ind2="0">
    <subfield code="a">Mora Mora, Luis Paulino </subfield>
    <subfield code="9">181445</subfield>
    <subfield code="e">supervisor</subfield>
    <subfield code="e">revisi&#xF3;n</subfield>
  </datafield>
  <datafield tag="700" ind1="1" ind2="0">
    <subfield code="a">Moreno Catena, V&#xED;ctor</subfield>
    <subfield code="9">194998</subfield>
    <subfield code="e">supervisi&#xF3;n</subfield>
    <subfield code="e">revisi&#xF3;n</subfield>
  </datafield>
  <datafield tag="700" ind1="1" ind2="0">
    <subfield code="a">Tijerino Pacheco, Jos&#xE9; Mar&#xED;a,</subfield>
    <subfield code="d">1947-</subfield>
    <subfield code="9">149249</subfield>
    <subfield code="e">consultor</subfield>
  </datafield>
  <datafield tag="700" ind1="1" ind2="0">
    <subfield code="a">Houed Vega, Mario A</subfield>
    <subfield code="9">194371</subfield>
    <subfield code="e">consultor</subfield>
  </datafield>
  <datafield tag="700" ind1=" " ind2="0">
    <subfield code="a">Campos Calder&#xF3;n, J. Federico</subfield>
    <subfield code="9">194007</subfield>
    <subfield code="e">consultor</subfield>
  </datafield>
  <datafield tag="700" ind1="1" ind2="0">
    <subfield code="a">Mora Lizano, Luis Paulino</subfield>
    <subfield code="9">195001</subfield>
    <subfield code="e">consultor</subfield>
  </datafield>
  <datafield tag="942" ind1=" " ind2=" ">
    <subfield code="2">ddc</subfield>
    <subfield code="c">BK</subfield>
  </datafield>
  <datafield tag="999" ind1=" " ind2=" ">
    <subfield code="c">113568</subfield>
    <subfield code="d">113568</subfield>
  </datafield>
  <datafield tag="952" ind1=" " ind2=" ">
    <subfield code="0">0</subfield>
    <subfield code="1">0</subfield>
    <subfield code="2">ddc</subfield>
    <subfield code="7">0</subfield>
    <subfield code="8">GEN</subfield>
    <subfield code="a">Principal</subfield>
    <subfield code="d">2025-04-08</subfield>
    <subfield code="l">0</subfield>
    <subfield code="o"> 341.43098 C749r</subfield>
    <subfield code="p">250404</subfield>
    <subfield code="r">2025-05-07 10:24:06</subfield>
    <subfield code="t">Ej. 1</subfield>
    <subfield code="w">2025-05-07</subfield>
    <subfield code="y">BK</subfield>
  </datafield>
</record>
